000 00352nam a2200145Ia 4500
008 230312s9999||||xx |||||||||||||| ||und||
020 _a0-7817-3012-0
082 _a621.3810
_bILL-S
100 _aIllustrated
245 0 _aStedman,s concise medical dictionary
260 _bLipponcott
_aUK
_c2001
300 _a204
650 _aDictionary
942 _cBK
999 _c1900
_d1900